[Event "SK Münster 3 - SC Gronau 1"]
[Site "Regionalliga 2015/2016"]
[Date "2016.01.30"]
[Round "6.1"]
[White "Monsma, Menno"]
[Black "Wieder, Heiner"]
[Result "0-1"]
[WhiteElo "2075"]
[BlackElo "2080"]
[PlyCount "97"]
[EventDate "2016.??.??"]
[SourceDate "2016.02.08"]

1. e4 c5 2. Nf3 d6 3. d4 cxd4 4. Qxd4 a6 5. Be3 Nc6 6. Qb6 Qxb6 7. Bxb6 Nf6 8.
Nc3 e6 9. O-O-O Be7 10. h3 O-O 11. Nd2 Ne5 12. Nc4 Nxc4 13. Bxc4 Bd7 14. Bd3
Bc6 15. Be3 b5 16. f3 Rfd8 17. Rhe1 b4 18. Ne2 d5 19. e5 Nd7 20. Nd4 Nxe5 21.
Nxc6 Nxc6 22. f4 a5 23. Be2 Bh4 24. Rf1 Rac8 25. Bf3 Bg3 26. Kb1 Rd7 27. Bg4 g6
28. Be2 d4 29. Bg1 Bh4 30. Bb5 Bf6 31. Rf3 Rd5 32. Ba4 Ne7 33. g4 Rcd8 34. Rfd3
h6 35. Bb3 R5d6 36. c3 bxc3 37. bxc3 a4 38. Bxa4 Nd5 39. cxd4 Nxf4 40. R3d2 e5
41. Be3 Nd5 42. dxe5 Bxe5 43. Rxd5 Rxd5 44. Rxd5 Rxd5 45. Bxh6 Rd3 46. Kc2 Rxh3
47. Bd2 Rg3 48. Bd7 Ra3 49. Kb1 0-1

[Event "SK Münster 3 - SC Gronau 1"]
[Site "Regionalliga 2015/2016"]
[Date "2016.01.30"]
[Round "6.2"]
[White "Quante, Lennart"]
[Black "Storck, Martin"]
[Result "1-0"]
[WhiteElo "1961"]
[BlackElo "1970"]
[PlyCount "49"]
[EventDate "2016.??.??"]
[SourceDate "2016.02.08"]

1. Nf3 d5 2. c4 c6 3. e3 Nf6 4. Nc3 e6 5. b3 Nbd7 6. Qc2 Bd6 7. Bb2 O-O 8. Be2
a6 9. Rg1 dxc4 10. bxc4 e5 11. g4 Nc5 12. g5 Nfd7 13. h4 Re8 14. d4 exd4 15.
Nxd4 Ne5 16. O-O-O b5 17. Nb3 Nxb3+ 18. axb3 Qe7 19. Ne4 Ba3 20. Nf6+ Kf8 21.
Qxh7 Bxb2+ 22. Kxb2 Nxc4+ 23. Bxc4 Qe5+ 24. Ka2 Bf5 25. Qg8+ 1-0

[Event "SK Münster 3 - SC Gronau 1"]
[Site "Regionalliga 2015/2016"]
[Date "2016.01.30"]
[Round "6.3"]
[White "Langendijk, Andre"]
[Black "Van Ackeren, Franz"]
[Result "1/2-1/2"]
[WhiteElo "1960"]
[BlackElo "1995"]
[PlyCount "35"]
[EventDate "2016.??.??"]
[SourceDate "2016.02.08"]

1. d4 g6 2. e4 Bg7 3. Be3 d6 4. Nc3 a6 5. Qd2 Nd7 6. O-O-O b5 7. h4 Bb7 8. h5
gxh5 9. Rxh5 Ngf6 10. Rh3 b4 11. Nce2 Bxe4 12. Ng3 Bg6 13. f4 Ne4 14. Qxb4 Nxg3
15. Rxg3 Bf6 16. Qa5 c6 17. Qxd8+ Kxd8 18. Nf3 1/2-1/2

[Event "SK Münster 3 - SC Gronau 1"]
[Site "Regionalliga 2015/2016"]
[Date "2016.01.30"]
[Round "6.4"]
[White "Wingenfeld, Klaus"]
[Black "Lütkehermölle, Martin"]
[Result "0-1"]
[WhiteElo "1928"]
[BlackElo "1931"]
[PlyCount "116"]
[EventDate "2016.??.??"]
[SourceDate "2016.02.08"]

1. e4 e5 2. Nf3 Nc6 3. Bb5 a6 4. Ba4 Nf6 5. O-O b5 6. Bb3 d6 7. Re1 Na5 8. d4
Bg4 9. c3 Nxb3 10. axb3 Nd7 11. h3 Bxf3 12. Qxf3 Be7 13. d5 O-O 14. Be3 Bg5 15.
Nd2 Bxe3 16. Qxe3 f5 17. c4 Qb8 18. Rec1 bxc4 19. Rxc4 Nb6 20. Rb4 fxe4 21. Nc4
Nxc4 22. Rxb8 Nxe3 23. Rxf8+ Kxf8 24. fxe3 Ke7 25. Rc1 Kd7 26. Rf1 Re8 27. Ra1
Rb8 28. Rxa6 Rxb3 29. Ra8 Rxe3 30. Rg8 Rg3 31. Kf2 Rg6 32. g4 c6 33. dxc6+ Kxc6
34. Ke3 d5 35. Re8 Kd6 36. Rd8+ Kc5 37. Rc8+ Rc6 38. Re8 Rb6 39. Rc8+ Kd6 40.
Rd8+ Ke6 41. Re8+ Kf6 42. Rf8+ Kg6 43. Re8 Kf6 44. Rf8+ Ke7 45. Rg8 Kf7 46. Rd8
Rb3+ 47. Kd2 Rxb2+ 48. Kc1 Rb5 49. Rd7+ Kf6 50. g5+ Kg6 51. h4 d4 52. Rd6+ Kh5
53. Rd7 Kxh4 54. Rxg7 e3 55. g6 hxg6 56. Rxg6 d3 57. Rd6 e2 58. Kd2 Rb1 0-1

[Event "SK Münster 3 - SC Gronau 1"]
[Site "Regionalliga 2015/2016"]
[Date "2016.01.30"]
[Round "6.5"]
[White "Reinhold, Klaus"]
[Black "Baumann, Stephan"]
[Result "1/2-1/2"]
[WhiteElo "1900"]
[BlackElo "2019"]
[PlyCount "123"]
[EventDate "2016.??.??"]
[SourceDate "2016.02.08"]

1. d4 Nf6 2. c4 e5 3. dxe5 Ng4 4. Bf4 g5 5. Bg3 Nc6 6. Nf3 Bg7 7. e3 Ngxe5 8.
Nxe5 Nxe5 9. Nc3 d6 10. c5 O-O 11. cxd6 cxd6 12. Be2 Be6 13. O-O f5 14. Bxe5
dxe5 15. e4 Qf6 16. Nd5 Qf7 17. Bh5 Qd7 18. Nc3 Rad8 19. Qe2 Qc6 20. Rfd1 Rd4
21. exf5 Bxf5 22. Rxd4 exd4 23. Bf3 Qd7 24. Qc4+ Kh8 25. Ne4 Qe7 26. Ng3 Bg6
27. Bh5 Qf6 28. Rf1 d3 29. Bxg6 Qxg6 30. b3 Rd8 31. Qc7 Qe8 32. Nf5 Rd7 33.
Nxg7 Kxg7 34. Qc3+ Kg6 35. Rd1 Qe2 36. Qe1 Qxe1+ 37. Rxe1 Kf5 38. f3 g4 39.
fxg4+ Kxg4 40. Kf2 Rf7+ 41. Ke3 Re7+ 42. Kd2 Rxe1 43. Kxe1 Kf4 44. Kd2 Ke4 45.
g3 Kd4 46. h3 Ke4 47. g4 b6 48. a4 a5 49. g5 Kf4 50. Kxd3 Kxg5 51. Kc4 Kh4 52.
Kb5 Kxh3 53. Kxb6 h5 54. Kxa5 h4 55. b4 Kg2 56. b5 h3 57. b6 h2 58. b7 h1=Q 59.
b8=Q Qd1 60. Qb5 Qd8+ 61. Qb6 Qd7 62. Qb5 1/2-1/2

[Event "SK Münster 3 - SC Gronau 1"]
[Site "Regionalliga 2015/2016"]
[Date "2016.01.30"]
[Round "6.6"]
[White "Ollech, Dirk"]
[Black "Rothkegel, Jürgen"]
[Result "1/2-1/2"]
[WhiteElo "1925"]
[BlackElo "1866"]
[PlyCount "89"]
[EventDate "2016.??.??"]
[SourceDate "2016.02.08"]

1. d4 Nf6 2. c4 e6 3. g3 d5 4. Bg2 Be7 5. Nf3 O-O 6. O-O dxc4 7. Ne5 c5 8. e3
Nbd7 9. Nxc4 Qc7 10. Qe2 Rb8 11. a4 b6 12. Nc3 a6 13. d5 exd5 14. Nxd5 Nxd5 15.
Bxd5 b5 16. axb5 axb5 17. Na5 Rb6 18. Bg2 c4 19. e4 Bd6 20. Qc2 Nc5 21. Bd2 Nd3
22. Nb3 Nb4 23. Bxb4 Bxb4 24. Nd4 Bb7 25. Nf5 Qe5 26. Rad1 g6 27. Ne3 Bc5 28.
Nd5 Bxd5 29. Rxd5 Qe7 30. b3 Bd6 31. bxc4 bxc4 32. Qxc4 Rfb8 33. Rfd1 Rb1 34.
Bf3 Rxd1+ 35. Rxd1 Be5 36. Be2 Rd8 37. Rxd8+ Qxd8 38. Kg2 Qc7 39. Qxc7 Bxc7 40.
Bc4 Kg7 41. f4 f6 42. Kf3 h6 43. h3 g5 44. fxg5 hxg5 45. h4 1/2-1/2

[Event "SK Münster 3 - SC Gronau 1"]
[Site "Regionalliga 2015/2016"]
[Date "2016.01.30"]
[Round "6.7"]
[White "Reckzügel, Philipp"]
[Black "Meyer, Ulrich"]
[Result "1-0"]
[WhiteElo "1894"]
[BlackElo "1884"]
[PlyCount "91"]
[EventDate "2016.??.??"]
[SourceDate "2016.02.08"]

1. d4 Nf6 2. c4 c5 3. e3 cxd4 4. exd4 d5 5. Nc3 Nc6 6. cxd5 Nxd5 7. Nf3 Bf5 8.
a3 e6 9. Bd3 Bxd3 10. Qxd3 Bd6 11. Nxd5 exd5 12. O-O O-O 13. Ng5 g6 14. f4 Qf6
15. Be3 h6 16. Nh3 Rfe8 17. Rae1 Re7 18. f5 g5 19. Nf2 Rae8 20. Ng4 Qh8 21. f6
Re4 22. Nf2 R4e6 23. Ng4 Qh7 24. Rf5 Bf4 25. g3 Qg6 26. Kf2 h5 27. gxf4 gxf4
28. Bxf4 Re4 29. Rxe4 Rxe4 30. Nh6+ Kh7 31. Qg3 Qxg3+ 32. hxg3 Nxd4 33. Rxh5
Kg6 34. Rxd5 Kxf6 35. Ng4+ Ke6 36. Re5+ Rxe5 37. Nxe5 f5 38. Ke3 Kd5 39. Kd3 a6
40. Ng6 Nc6 41. Nf8 Nd8 42. Nd7 Ne6 43. Nf6+ Kc5 44. Be3+ Kd6 45. Bd4 Nd8 46.
Ne8+ 1-0

[Event "SK Münster 3 - SC Gronau 1"]
[Site "Regionalliga 2015/2016"]
[Date "2016.01.30"]
[Round "6.8"]
[White "Wolffgang, Georg"]
[Black "Klönne, Tim"]
[Result "1-0"]
[WhiteElo "1879"]
[BlackElo "1762"]
[PlyCount "87"]
[EventDate "2016.??.??"]
[SourceDate "2016.02.08"]

1. d4 d5 2. Bg5 Nf6 3. Bxf6 exf6 4. e3 Be7 5. c4 c6 6. Nc3 O-O 7. cxd5 cxd5 8.
Qb3 Nc6 9. Qxd5 Qb6 10. Qb5 Nb4 11. Qxb6 axb6 12. Kd2 Be6 13. a3 Nd5 14. Nge2
Rfc8 15. Nxd5 Bxd5 16. Nc3 Bb3 17. Bd3 g6 18. Rac1 f5 19. Ne2 Bd5 20. Nf4 Bc6
21. d5 Bd7 22. Rxc8+ Rxc8 23. Rc1 Rxc1 24. Kxc1 Bd6 25. Ne2 Be5 26. g3 Kf8 27.
Kc2 Ke7 28. f3 Kd6 29. e4 fxe4 30. fxe4 Bg4 31. Nc3 Bd7 32. Be2 f5 33. Bf3 fxe4
34. Bxe4 Bd4 35. Kd3 Bg1 36. h4 Bf2 37. Bxg6 hxg6 38. Ne4+ Kxd5 39. Nxf2 Bf5+
40. Kc3 Kc5 41. g4 Bd7 42. h5 gxh5 43. gxh5 Bf5 44. h6 1-0

[Event "SK Dülmen 1 - SF Telgte 1"]
[Site "Regionalliga 2015/2016"]
[Date "2016.01.30"]
[Round "6.1"]
[White "Muth, Josef"]
[Black "Eiersbrock, Robin"]
[Result "0-1"]
[WhiteElo "1987"]
[BlackElo "1994"]
[PlyCount "66"]
[EventDate "2016.??.??"]
[SourceDate "2016.02.08"]

1. d4 Nf6 2. c4 g6 3. Nc3 Bg7 4. e4 d6 5. Be2 O-O 6. Nf3 Nbd7 7. O-O e5 8. dxe5
Nxe5 9. Nxe5 dxe5 10. Bg5 c6 11. Qc2 Qc7 12. Rac1 Nd7 13. Rfd1 Nc5 14. Qd2 Ne6
15. Bh6 Rd8 16. Qe3 Nd4 17. Bxg7 Kxg7 18. Bf1 Qb6 19. b3 Bg4 20. Qg3 Bxd1 21.
Qxe5+ Kg8 22. Rxd1 Ne6 23. Rxd8+ Rxd8 24. Ne2 Rd1 25. Ng3 Rd2 26. Qb8+ Nf8 27.
Qf4 Rxa2 28. h4 Qd4 29. h5 Ne6 30. Qf3 Rc2 31. h6 Qd2 32. Qf6 Qxh6 33. Nf5 Qg5
0-1

[Event "SK Dülmen 1 - SF Telgte 1"]
[Site "Regionalliga 2015/2016"]
[Date "2016.01.30"]
[Round "6.2"]
[White "Wewers, Reinhard"]
[Black "Lodde, Martin"]
[Result "1/2-1/2"]
[WhiteElo "2008"]
[BlackElo "1922"]
[PlyCount "74"]
[EventDate "2016.??.??"]
[SourceDate "2016.02.08"]

1. Nf3 Nf6 2. g3 b6 3. Bg2 Bb7 4. O-O e6 5. c4 c5 6. Nc3 d5 7. cxd5 exd5 8. d4
cxd4 9. Nxd4 Be7 10. Bg5 O-O 11. Nf5 Nbd7 12. Nxe7+ Qxe7 13. Nxd5 Bxd5 14. Bxd5
Rad8 15. Bg2 Qe5 16. Bxf6 Nxf6 17. Qa4 Rd2 18. Qxa7 Rxb2 19. Bf3 g5 20. Rab1 g4
21. Rxb2 Qxb2 22. Bg2 Rd8 23. Qc7 Rd2 24. e4 Re2 25. Qf4 h6 26. Qxh6 Qe5 27.
Rd1 Rxa2 28. Bf1 Ra1 29. Rd8+ Ne8 30. Qc6 Kf8 31. Qh6+ Kg8 32. Rd5 Qb2 33. Rg5+
Ng7 34. e5 Rxf1+ 35. Kxf1 Qb1+ 36. Ke2 Qe4+ 37. Kd2 Qd4+ 1/2-1/2

[Event "SK Dülmen 1 - SF Telgte 1"]
[Site "Regionalliga 2015/2016"]
[Date "2016.01.30"]
[Round "6.3"]
[White "Junker, Axel"]
[Black "Mohnke, Martin"]
[Result "1-0"]
[WhiteElo "1866"]
[BlackElo "1978"]
[PlyCount "81"]
[EventDate "2016.??.??"]
[SourceDate "2016.02.08"]

1. c4 Nf6 2. Nf3 g6 3. Nc3 Bg7 4. g3 O-O 5. Bg2 d6 6. O-O Nc6 7. Rb1 a5 8. a3
e5 9. b4 axb4 10. axb4 Nd7 11. d3 f5 12. Ng5 Nf6 13. b5 Nd4 14. e3 h6 15. exd4
exd4 16. Ne2 hxg5 17. Bxg5 Qd7 18. Nxd4 Re8 19. Re1 Kh8 20. Qd2 Re5 21. Nf3
Rxe1+ 22. Rxe1 Ng8 23. Qf4 Bc3 24. Rc1 Ra1 25. Rxa1 Bxa1 26. d4 Bc3 27. Qh4+
Kg7 28. Be3 c5 29. Ng5 cxd4 30. Bxd4+ Bxd4 31. Qxd4+ Nf6 32. h4 Qe7 33. Bd5 Qe5
34. Qb6 Nxd5 35. cxd5 Qe7 36. Qa5 Kf8 37. Qc3 Qd7 38. Qf6+ Ke8 39. Qxg6+ Kd8
40. Ne6+ Ke7 41. Qg7+ 1-0

[Event "SK Dülmen 1 - SF Telgte 1"]
[Site "Regionalliga 2015/2016"]
[Date "2016.01.30"]
[Round "6.4"]
[White "Grund, Wolfgang"]
[Black "Kuhlenbäumer, Willi"]
[Result "1-0"]
[WhiteElo "1856"]
[BlackElo "1947"]
[PlyCount "59"]
[EventDate "2016.??.??"]
[SourceDate "2016.02.08"]

1. e4 e6 2. d4 d5 3. e5 c5 4. c3 Nc6 5. Nf3 Qb6 6. Bd3 Bd7 7. dxc5 Bxc5 8. O-O
f5 9. b4 Be7 10. a4 Nh6 11. Bxh6 gxh6 12. Qd2 O-O-O 13. a5 Qc7 14. Qe3 Kb8 15.
Na3 Rdg8 16. Nb5 Qd8 17. Nfd4 Nxd4 18. Nxd4 Qe8 19. f4 Rg7 20. Rf2 Rhg8 21. Bf1
Bh4 22. Rb2 h5 23. b5 Ka8 24. b6 a6 25. Bxa6 bxa6 26. b7+ Kb8 27. Raa2 Qe7 28.
Rb6 Bb5 29. Rxb5 axb5 30. Nc6+ 1-0

[Event "SK Dülmen 1 - SF Telgte 1"]
[Site "Regionalliga 2015/2016"]
[Date "2016.01.30"]
[Round "6.5"]
[White "Kuhlenbäumer, Alfred"]
[Black "Stegemann, Norbert"]
[Result "1-0"]
[WhiteElo "1849"]
[BlackElo "1972"]
[PlyCount "71"]
[EventDate "2016.??.??"]
[SourceDate "2016.02.08"]

1. e4 c6 2. d4 d5 3. Nc3 dxe4 4. Nxe4 Bf5 5. Ng3 Bg6 6. Nf3 Nd7 7. h4 h6 8. Bd3
Bxd3 9. Qxd3 Ngf6 10. Bd2 e6 11. O-O-O Qc7 12. Rhe1 O-O-O 13. Qe2 Be7 14. Kb1
Rhe8 15. c4 c5 16. Bc3 cxd4 17. Nxd4 Kb8 18. Nb5 Qb6 19. Qd2 Rc8 20. Bd4 Bc5
21. Qf4+ Ka8 22. Bxc5 Rxc5 23. Nd6 Rf8 24. Rd3 Rc7 25. Rb3 Qc6 26. f3 Nc5 27.
Nb5 Rd7 28. Ra3 a6 29. b4 Nd3 30. Qe3 b6 31. Rxa6+ Kb7 32. Ra7+ Kc8 33. Rxd7
Qxd7 34. Rd1 Rd8 35. Qxb6 Qb7 36. Na7+ 1-0

[Event "SK Dülmen 1 - SF Telgte 1"]
[Site "Regionalliga 2015/2016"]
[Date "2016.01.30"]
[Round "6.6"]
[White "Rebber, Christian"]
[Black "Dieckmann, Werner"]
[Result "1-0"]
[WhiteElo "1848"]
[BlackElo "1744"]
[PlyCount "75"]
[EventDate "2016.??.??"]
[SourceDate "2016.02.08"]

1. e4 e5 2. Nf3 Nf6 3. Nc3 Nc6 4. d4 exd4 5. Nxd4 Be7 6. Be2 O-O 7. O-O d6 8.
Be3 Nxd4 9. Qxd4 a6 10. Bf3 Bg4 11. Qd1 Bxf3 12. Qxf3 Qc8 13. Rfe1 Kh8 14. h3
b5 15. a3 h6 16. Rad1 Kg8 17. Bd4 Re8 18. e5 dxe5 19. Bxe5 c5 20. Bxf6 Bxf6 21.
Nd5 Rxe1+ 22. Rxe1 Qd8 23. Nxf6+ gxf6 24. Rd1 Qf8 25. Qxf6 b4 26. a4 a5 27. Rd6
Re8 28. Kh2 Qe7 29. Qxh6 Qe5+ 30. f4 Qxb2 31. Rd3 Qg7 32. Rg3 Qxg3+ 33. Kxg3
Re6 34. Qh5 c4 35. Qxa5 b3 36. cxb3 Re3+ 37. Kf2 Rxb3 38. Qd8+ 1-0

[Event "SK Dülmen 1 - SF Telgte 1"]
[Site "Regionalliga 2015/2016"]
[Date "2016.01.30"]
[Round "6.7"]
[White "Hirnstein, Markus"]
[Black "Lödding, Detlef"]
[Result "1-0"]
[WhiteElo "1881"]
[BlackElo "1877"]
[PlyCount "77"]
[EventDate "2016.??.??"]
[SourceDate "2016.02.08"]

1. c4 e5 2. g3 d6 3. Bg2 f5 4. d4 e4 5. Nc3 Nf6 6. Bg5 Be7 7. Nh3 O-O 8. O-O c6
9. Qd2 Na6 10. f3 d5 11. cxd5 cxd5 12. Nf4 Nc7 13. Rac1 Kh8 14. Na4 exf3 15.
Bxf3 Ne4 16. Bxe7 Qxe7 17. Bxe4 dxe4 18. d5 Qd6 19. Rfd1 Na6 20. Qd4 Bd7 21.
Nc5 Nxc5 22. Rxc5 b6 23. Rc3 Rac8 24. Rdc1 Rxc3 25. Qxc3 h6 26. Qc7 Rf6 27.
Qxa7 g5 28. Rc7 gxf4 29. Rxd7 Qc5+ 30. Kg2 f3+ 31. exf3 exf3+ 32. Kxf3 Qf8 33.
Qc7 Qg8 34. Rd8 Rf8 35. Rxf8 Qxf8 36. Qxb6 Qg7 37. Qb4 Qd7 38. Qd4+ Kh7 39. Qe5
1-0

[Event "SK Dülmen 1 - SF Telgte 1"]
[Site "Regionalliga 2015/2016"]
[Date "2016.01.30"]
[Round "6.8"]
[White "Eiersbrock, Marko"]
[Black "Esser, Peter"]
[Result "1-0"]
[WhiteElo "1833"]
[BlackElo "1749"]
[PlyCount "45"]
[EventDate "2016.??.??"]
[SourceDate "2016.02.08"]

1. d4 d5 2. Nf3 Nf6 3. e3 e6 4. Bd3 c5 5. c3 Nc6 6. Nbd2 Bd6 7. O-O O-O 8. e4
cxd4 9. cxd4 dxe4 10. Nxe4 Be7 11. Neg5 h6 12. Nh3 b6 13. Be3 Nb4 14. Bc4 Nbd5
15. Nf4 Nxf4 16. Bxf4 Nd5 17. Be5 Bb7 18. Rc1 Rc8 19. Qa4 a6 20. Qb3 Nf6 21.
Rfe1 Kh8 22. Qe3 Nd5 23. Qxh6+ 1-0

[Event "SK Münster 2 - Südlohner SV 1"]
[Site "Regionalliga 2015/2016"]
[Date "2016.01.30"]
[Round "6.1"]
[White "Funke, Reinhard"]
[Black "Rehfeldt, Frank"]
[Result "1-0"]
[WhiteElo "2061"]
[BlackElo "2144"]
[PlyCount "73"]
[EventDate "2016.??.??"]
[SourceDate "2016.02.08"]

1. d4 Nf6 2. Nf3 e6 3. e3 b6 4. Bd3 Bb7 5. O-O Be7 6. c4 O-O 7. Nc3 d5 8. Ne5
Qc8 9. b3 c5 10. Bb2 Rd8 11. cxd5 exd5 12. Rc1 Ba6 13. Nb5 Nbd7 14. f4 Qb7 15.
a4 Ne4 16. Rc2 Rac8 17. Qf3 cxd4 18. Rxc8 Rxc8 19. exd4 Ndf6 20. Qe2 Bb4 21. g4
Nd2 22. Rd1 Nxb3 23. Bf5 Re8 24. Qc2 Na5 25. Nc7 Rd8 26. g5 Ne4 27. Nxd5 Qxd5
28. Bxe4 Qd6 29. Bxh7+ Kf8 30. Qf5 Qe6 31. Qxe6 fxe6 32. Be4 Nc4 33. Nc6 Nxb2
34. Rb1 Bb7 35. Nxd8 Bxe4 36. Rxb2 Bc3 37. Re2 1-0

[Event "SK Münster 2 - Südlohner SV 1"]
[Site "Regionalliga 2015/2016"]
[Date "2016.01.30"]
[Round "6.2"]
[White "Holtel, Jasper"]
[Black "Völker, Christian"]
[Result "1-0"]
[WhiteElo "2236"]
[BlackElo "2037"]
[PlyCount "77"]
[EventDate "2016.??.??"]
[SourceDate "2016.02.08"]

1. e4 c5 2. Nf3 e6 3. b3 Nc6 4. Bb2 d6 5. d4 cxd4 6. Nxd4 e5 7. Nxc6 bxc6 8.
Bd3 Ne7 9. O-O Ng6 10. c4 Be7 11. c5 O-O 12. cxd6 Bxd6 13. Na3 Qg5 14. Bc1 Nf4
15. Qf3 Bc5 16. Nc4 Bd4 17. Rb1 Be6 18. Bxf4 exf4 19. e5 Rad8 20. Rbe1 f5 21.
Nd6 c5 22. Bc4 Bxc4 23. bxc4 Kh8 24. Qd5 Qe7 25. Re2 Rd7 26. Rb1 h6 27. h3 Kh7
28. Rb7 Rxb7 29. Qxb7 f3 30. Re1 Qe6 31. Qd5 Qg6 32. Qxf3 Bxe5 33. Rxe5 Qxd6
34. Rxf5 Rb8 35. g3 Rb2 36. Rf8 Qe6 37. Qd3+ g6 38. Qc3 Rb1+ 39. Kh2 1-0

[Event "SK Münster 2 - Südlohner SV 1"]
[Site "Regionalliga 2015/2016"]
[Date "2016.01.30"]
[Round "6.3"]
[White "Darwisch, Khaled"]
[Black "Müschenich, Stefan"]
[Result "1/2-1/2"]
[WhiteElo "2020"]
[BlackElo "2082"]
[PlyCount "159"]
[EventDate "2016.??.??"]
[SourceDate "2016.02.08"]

1. e4 Nf6 2. d3 d5 3. Nd2 Nc6 4. Ngf3 e5 5. h3 Bc5 6. g3 Be6 7. Bg2 dxe4 8.
dxe4 Nd7 9. c3 a5 10. Qe2 f6 11. O-O Qe7 12. Nh4 O-O 13. Nf5 Qf7 14. Kh2 Kh8
15. b3 Rfe8 16. h4 Nb6 17. Re1 g6 18. Nh6 Qd7 19. Nf1 a4 20. Rd1 Qg7 21. Rb1
axb3 22. axb3 Red8 23. Rxd8+ Rxd8 24. g4 Qd7 25. Qf3 Kg7 26. b4 Be7 27. Be3 Qd3
28. Rc1 Na4 29. Ng3 Nb2 30. Bf1 Qd7 31. g5 fxg5 32. hxg5 Rf8 33. Qe2 Nc4 34.
Rd1 Qc8 35. Bc1 b5 36. Rd5 Bxd5 37. exd5 Qd8 38. dxc6 Bxg5 39. Bxg5 Qxg5 40.
Ng4 h5 41. Ne3 h4 42. Nh1 Qf4+ 43. Kg1 Qg5+ 44. Qg4 Qxg4+ 45. Nxg4 Rf4 46. Be2
Nd2 47. Ne3 e4 48. Bxb5 Kf8 49. Be2 Ke8 50. Nd5 Rf7 51. b5 Kd8 52. c4 Nb3 53.
Kg2 Nd4 54. Bg4 Nf5 55. c5 Nd4 56. Nc3 Rf4 57. Bd1 Rf5 58. b6 Rxc5 59. b7 Nxc6
60. Nxe4 Ra5 61. Bf3 Nb8 62. Kh3 Ra3 63. Ng5 c6 64. Kxh4 Kc7 65. Be4 Ra4 66.
Ng3 Kxb7 67. Ne6 Nd7 68. Kg5 Kb6 69. Kxg6 c5 70. f4 c4 71. f5 c3 72. Nf4 c2 73.
Nfe2 Rc4 74. Nc1 Nc5 75. f6 Nxe4 76. f7 Rc6+ 77. Kg7 Ng5 78. f8=Q Ne6+ 79. Kg8
Nxf8 80. Kxf8 1/2-1/2

[Event "SK Münster 2 - Südlohner SV 1"]
[Site "Regionalliga 2015/2016"]
[Date "2016.01.30"]
[Round "6.4"]
[White "Virnyi, Julius"]
[Black "Hater, Wolfgang"]
[Result "0-1"]
[WhiteElo "2087"]
[BlackElo "2030"]
[PlyCount "92"]
[EventDate "2016.??.??"]
[SourceDate "2016.02.08"]

1. d4 Nf6 2. Nf3 d6 3. c4 Nbd7 4. Nc3 e5 5. e4 Be7 6. Be2 c6 7. O-O exd4 8.
Nxd4 Nc5 9. f3 a5 10. Be3 O-O 11. Qd2 g6 12. Rad1 Nfd7 13. Rfe1 Re8 14. Nc2 a4
15. Bf1 Qa5 16. Bd4 Ne6 17. Be3 Ne5 18. Qf2 Nc5 19. h3 f6 20. f4 Nf7 21. Bd4
Qc7 22. Qh4 Nd7 23. Qg3 Nf8 24. Ne3 Ne6 25. f5 Nf8 26. Ng4 Ne5 27. Nxe5 dxe5
28. Be3 a3 29. b3 Kh8 30. fxg6 Nxg6 31. Qf2 Be6 32. Kh2 Rg8 33. g3 Raf8 34. Bd3
Bb4 35. Bd2 Qc8 36. g4 Nf4 37. Bxf4 exf4 38. Rc1 Bxg4 39. hxg4 Qxg4 40. Be2 f3
41. Bxf3 Qf4+ 42. Kh1 Bd6 43. Rc2 Qh6+ 44. Qh2 Bxh2 45. Rxh2 Qf4 46. Bg2 Qd2
0-1

[Event "SK Münster 2 - Südlohner SV 1"]
[Site "Regionalliga 2015/2016"]
[Date "2016.01.30"]
[Round "6.5"]
[White "Schmeing, Walter"]
[Black "Borrink, Jörn"]
[Result "1/2-1/2"]
[WhiteElo "2002"]
[BlackElo "2086"]
[PlyCount "102"]
[EventDate "2016.??.??"]
[SourceDate "2016.02.08"]

1. e4 e6 2. Qe2 c5 3. g3 Nc6 4. Bg2 Nge7 5. Nf3 d6 6. O-O g6 7. Nc3 Bg7 8. d3
a6 9. a4 Rb8 10. Be3 O-O 11. Qd2 f5 12. Bh6 e5 13. Bxg7 Kxg7 14. exf5 Nxf5 15.
Nd5 Nce7 16. Ne1 Nd4 17. Qg5 Nxd5 18. Qxd8 Rxd8 19. Bxd5 Be6 20. Bxe6 Nxe6 21.
Nf3 Rf8 22. Kg2 Nd4 23. Nxd4 exd4 24. Rae1 Rfe8 25. f4 Kf6 26. Kf3 b5 27. axb5
axb5 28. g4 Ra8 29. b3 d5 30. Rg1 c4 31. dxc4 bxc4 32. bxc4 Ra3+ 33. Kf2 Rxe1
34. Rxe1 dxc4 35. Rd1 Rh3 36. Kg2 Rc3 37. Rxd4 Rxc2+ 38. Kf3 c3 39. h4 Rh2 40.
Kg3 Rd2 41. Rc4 Rd3+ 42. Kf2 Ke6 43. Ke2 Rh3 44. h5 gxh5 45. gxh5 Kd5 46. Rc7
h6 47. f5 Ke5 48. Rc6 Rh2+ 49. Kd3 Rxh5 50. f6 Rf5 51. f7 Rxf7 1/2-1/2

[Event "SK Münster 2 - Südlohner SV 1"]
[Site "Regionalliga 2015/2016"]
[Date "2016.01.30"]
[Round "6.6"]
[White "Kubo, Thomas"]
[Black "Telöken, Daniel"]
[Result "1/2-1/2"]
[WhiteElo "2028"]
[BlackElo "1839"]
[PlyCount "43"]
[EventDate "2016.??.??"]
[SourceDate "2016.02.08"]

1. Nf3 Nf6 2. g3 g6 3. Bg2 Bg7 4. c4 c6 5. O-O d5 6. cxd5 cxd5 7. d4 O-O 8. Nc3
Nc6 9. Ne5 Be6 10. Nxc6 bxc6 11. Na4 Nd7 12. Be3 Qa5 13. a3 Bf5 14. Bd2 Qb5 15.
Bb4 Rfe8 16. e3 e5 17. Rc1 exd4 18. exd4 Rac8 19. Bc5 Nxc5 20. Rxc5 Qa6 21. Rc3
Qb5 22. Rc5 1/2-1/2

[Event "SK Münster 2 - Südlohner SV 1"]
[Site "Regionalliga 2015/2016"]
[Date "2016.01.30"]
[Round "6.7"]
[White "Böcker, Manfred"]
[Black "Niermann, Rainer"]
[Result "0-1"]
[WhiteElo "1880"]
[BlackElo "2002"]
[PlyCount "100"]
[EventDate "2016.??.??"]
[SourceDate "2016.02.08"]

1. d4 c5 2. c3 e6 3. e3 b6 4. Nd2 Nf6 5. Ngf3 Be7 6. Bd3 Ba6 7. Bxa6 Nxa6 8.
Qe2 Qc8 9. O-O O-O 10. Ne5 d6 11. Ng4 Nxg4 12. Qxg4 cxd4 13. exd4 e5 14. Qxc8
Raxc8 15. Nf3 Bf6 16. Be3 Nc7 17. Rfd1 e4 18. Nd2 d5 19. a4 Ne6 20. a5 b5 21.
f3 b4 22. cxb4 Nxd4 23. fxe4 Nc2 24. Bxa7 Nxa1 25. Rxa1 Bxb2 26. Rd1 Bc3 27.
Bc5 Rfd8 28. Nb1 Bxb4 29. Bxb4 dxe4 30. Re1 Rc4 31. Bd2 f5 32. Be3 Rd3 33. Bf4
Ra4 34. Nd2 Rxa5 35. Nc4 Rc5 36. Ne3 Kf7 37. Ra1 Kg6 38. h3 Kh5 39. Re1 g5 40.
Bb8 f4 41. Nf1 Rb3 42. Bd6 Rc6 43. Be7 e3 44. Nh2 Rb2 45. Ra1 Rcc2 46. Ng4
Rxg2+ 47. Kh1 Ra2 48. Rc1 Rgc2 49. Rg1 h6 50. Bb4 Kh4 0-1

[Event "SK Münster 2 - Südlohner SV 1"]
[Site "Regionalliga 2015/2016"]
[Date "2016.01.30"]
[Round "6.8"]
[White "Kaufhold, Thomas"]
[Black "Sparwel, Oliver"]
[Result "1-0"]
[WhiteElo "2014"]
[BlackElo "1982"]
[PlyCount "115"]
[EventDate "2016.??.??"]
[SourceDate "2016.02.08"]

1. d4 d6 2. c4 Nf6 3. Nc3 e5 4. d5 Be7 5. e4 O-O 6. Bd3 a5 7. Nge2 Na6 8. O-O
Nc5 9. Bc2 Bd7 10. f3 Ne8 11. Be3 b6 12. Qd2 g6 13. f4 exf4 14. Bxf4 Bf6 15.
Rae1 Qe7 16. Nd4 Be5 17. Nc6 Bxc6 18. dxc6 Bxf4 19. Rxf4 Qe5 20. Nd5 Ne6 21.
Rf2 Qxb2 22. e5 Kg7 23. exd6 Nxd6 24. Nxc7 Nxc4 25. Nxe6+ fxe6 26. Qd7+ Kh6 27.
Rfe2 Qf6 28. Qxe6 Qxe6 29. Rxe6 Rac8 30. Bd3 b5 31. a4 Rfd8 32. Bf1 Nb6 33. c7
Rxc7 34. Rxb6 bxa4 35. Ra1 Rd4 36. Rb5 Ra7 37. Rc5 g5 38. Rc6+ Kg7 39. Rc4 Rxc4
40. Bxc4 Kf6 41. Kf2 Ke5 42. Ke3 h5 43. Rxa4 h4 44. h3 Ra8 45. Bd3 Kf6 46. Be4
Ra7 47. Kd4 g4 48. hxg4 Kg5 49. Bf5 Kf4 50. Ra3 Ra8 51. Kc4 a4 52. Rf3+ Kg5 53.
Kb4 Rb8+ 54. Ka3 Ra8 55. g3 hxg3 56. Rxg3 Kf4 57. Rc3 Kg5 58. Rc4 1-0

[Event "SC Steinfurt 1 - Schach Nienberge 1"]
[Site "Regionalliga 2015/2016"]
[Date "2016.01.30"]
[Round "6.1"]
[White "Remmeke, Hans"]
[Black "Engels, Natia"]
[Result "1-0"]
[WhiteElo "2123"]
[BlackElo "2016"]
[PlyCount "81"]
[EventDate "2016.??.??"]
[SourceDate "2016.02.08"]

1. d4 Nf6 2. c4 c5 3. d5 d6 4. Nc3 e5 5. e4 Be7 6. g3 O-O 7. h4 b5 8. cxb5 a6
9. a4 axb5 10. Bxb5 Na6 11. Kf1 Nb4 12. Kg2 Ne8 13. f3 f5 14. Nh3 Nc7 15. Bc4
Ba6 16. b3 h6 17. exf5 Bc8 18. Nf2 Bxf5 19. Nfe4 Kh8 20. Be3 Ne8 21. Qd2 Nf6
22. Nxf6 Bxf6 23. g4 Bh7 24. g5 Be7 25. gxh6 gxh6 26. Bxh6 Rg8+ 27. Bg5 Bxg5
28. hxg5 Qxg5+ 29. Qxg5 Rxg5+ 30. Kf2 Kg7 31. Nb5 e4 32. Nc7 e3+ 33. Kxe3 Nc2+
34. Kf2 Nxa1 35. Nxa8 Nc2 36. Nc7 Nd4 37. f4 Rg4 38. Rg1 Rxg1 39. Kxg1 Nf5 40.
a5 Ne7 41. Ne8+ 1-0